00265nam a2200085Ia 4500008004100000100001500041245002500056500007100081650002700152181011s9999 xx 000 0 und d aJohn Elder 0aHenry Martyn in Iran aThe Bulletin of Henry Martyn school of Islamic Studies April 1964 aHenry Martyn Institute